| 000 | 00916nas a2200265 4500 | ||
|---|---|---|---|
| 001 | BR8707639 | ||
| 003 | BR-BrBNA | ||
| 005 | 20231205090941.0 | ||
| 007 | ta | ||
| 008 | 230509b bl.|||p| |||| 00| 00por d | ||
| 040 |
_aBR-BrBNA _bpor _cBiblioteca Nacional de Agricultura |
||
| 041 | _a(Pt) | ||
| 072 | _aH10 | ||
| 100 | 1 | _aSilva, L. da | |
| 100 | 1 | _aLoch, L.C. | |
| 245 | 1 | _aEsporulacao do fungo entomopatogenico Nomuraea rileyi (Farlow)Samson em meio de cultura a base de graos de arroz polidos | |
| 246 | 1 | _aSporulation of the enthomopathogenic fungus Nomuraea rileyi (Farlow)Samson on polished rice grain media | |
| 650 | _aARROZ | ||
| 650 | _aLAGARTA | ||
| 650 | _aFUNGO | ||
| 650 | _aCONTROLE BIOLOGICO | ||
| 773 | 0 |
_tAnais da Sociedade Entomologica do Brasil (Brazil) _xISSN 0301-8059 _g(1987), v. 16(1) p. 213-222 _wBR8707639 |
|
| 909 |
_a202311 _bLúcia _c55 _dLúcia Elande |
||
| 942 |
_2AGRIS _n0 _cANA |
||
| 999 |
_c121830 _d121830 |
||